Every Song by Owl City - Statistics

General Stats
  • This quiz has been taken 162 times
    120 since last reset
  • The average score is 52 of 111
Answer Stats
Album Song % Correct
Ocean Eyes(2009) Fireflies
98%
The Midsummer Station(2012) Good Time
81%
Cinematic(2018) Cinematic
71%
Ultraviolet(2014) Wolf Bite
71%
Coco Moon(2023) Adam, Check Please
69%
All Things Bright and Beautiful(2011) Alligator Sky
69%
Ocean Eyes(2009) Vanilla Twilight
69%
Coco Moon(2023) Vitamin Sea
67%
Coco Moon(2023) The Tornado
64%
Mobile Orchestra(2015) | Ultraviolet(2014) This Isn't the End
64%
All Things Bright and Beautiful(2011) Deer in the Headlights
62%
Cinematic(2018) Fiji Water
62%
The Midsummer Station(2012) Gold
62%
Ocean Eyes(2009) Hello Seattle
62%
The Midsummer Station(2012) Shooting Star
62%
Mobile Orchestra(2015) Unbelievable
62%
Ultraviolet(2014) Up All Night
62%
Non-Album(2012) When Can I See You Again?
62%
Ocean Eyes(2009) Cave In
60%
Cinematic(2018) Montana
60%
Cinematic(2018) New York City
60%
Ocean Eyes(Bonus)(2009) Strawberry Avalanche
60%
Mobile Orchestra(2015) Verge
60%
Ultraviolet(2014) Beautiful Times
57%
All Things Bright and Beautiful(2011) Galaxies
57%
Ocean Eyes(Bonus)(2009) Hot Air Balloon
57%
Coco Moon(2023) Kelly Time
57%
Coco Moon(2023) My Muse
57%
Of June(2007) Panda Bear
57%
Cinematic(2018) The 5th of July
57%
Cinematic(2018) All My Friends
55%
Ocean Eyes(2009) Dental Care
55%
Ocean Eyes(2009) The Bird and the Worm
55%
Maybe I'm Dreaming(2008) The Saltwater Room
55%
Mobile Orchestra(2015) Back Home
52%
Coco Moon(2023) Dinosaur Park
52%
The Midsummer Station(2012) Embers
52%
Cinematic(2018) Firebird
52%
The Midsummer Station(2012) I'm Coming After You
52%
Maybe I'm Dreaming(2008) On the Wing
52%
All Things Bright and Beautiful(2011) Plant Life
52%
Ocean Eyes(2009) Tidal Wave
52%
Ocean Eyes(2009) Umbrella Beach
52%
Maybe I'm Dreaming(2008) Air Traffic
50%
Of June(2007) Captains and Cruise Ships
50%
All Things Bright and Beautiful(2011) Honey and the Bee
50%
Ocean Eyes(2009) Meteor Shower
50%
Mobile Orchestra(2015) My Everything
50%
Maybe I'm Dreaming(2008) The Technicolor Phase
50%
Mobile Orchestra(Bonus)(2015) Tokyo
50%
Coco Moon(2023) Under the Circus Lights
50%
All Things Bright and Beautiful(2011) Angels
48%
Of June(2007) Fuzzy Blue Lights
48%
All Things Bright and Beautiful(2011) Hospital Flowers
48%
All Things Bright and Beautiful(2011) Kamikaze
48%
The Midsummer Station(2012) Metropolis
48%
Cinematic(2018) Not All Heroes Wear Capes
48%
Coco Moon(2023) Sons of Thunder
48%
Maybe I'm Dreaming(2008) Dear Vienna
45%
The Midsummer Station(2012) Dementia
45%
Of June(2007) Designer Skyline
45%
The Midsummer Station(2012) Dreams and Disasters
45%
Maybe I'm Dreaming(2008) Rainbow Veins
45%
Coco Moon(2023) The Meadow Lark
45%
All Things Bright and Beautiful(2011) The Real World
45%
All Things Bright and Beautiful(Bonus)(2011) To the Sky
45%
Mobile Orchestra(2015) You're Not Alone
45%
Cinematic(2018) Be Brave
43%
Mobile Orchestra(2015) Bird with a Broken Wing
43%
All Things Bright and Beautiful(2011) Dreams Don't Turn to Dust
43%
Coco Moon(2023) Field Notes
43%
The Midsummer Station - Acoustic(2013) Hey Anna
43%
Coco Moon(2023) Learn How to Surf
43%
The Midsummer Station(2012) Silhouette
43%
Ocean Eyes(2009) The Tip of the Iceberg
43%
Ocean Eyes(Bonus)(2009) Rugs From Me to You
40%
Of June(2007) The Airway
40%
Mobile Orchestra(2015) Thunderstruck
40%
Maybe I'm Dreaming(2008) West Coast Friendship
40%
Cinematic(2018) House Wren
38%
Cinematic(2018) Lucid Dream
38%
Of June(2007) Swimming in Miami
38%
All Things Bright and Beautiful(2011) The Yacht Club
38%
All Things Bright and Beautiful(Bonus)(2011) How I Became the Sea
36%
Ocean Eyes(Bonus)(2009) If My Heart Was a House
36%
The Midsummer Station(2012) Speed of Love
36%
The Midsummer Station(2012) Take It All Away
36%
The Midsummer Station(Bonus)(2012) Bombshell Blonde
33%
Cinematic(2018) Cloud Nine
33%
Non-Album(2013) Shine Your Way
33%
Maybe I'm Dreaming(2008) Super Honeymoon
33%
Maybe I'm Dreaming(2008) This is the Future
33%
Cinematic(2018) Winners Never Quit
33%
Cinematic(2018) Always
31%
Maybe I'm Dreaming(2008) Early Birdie
31%
Maybe I'm Dreaming(2008) Sky Diver
31%
The Midsummer Station - Acoustic(2013) I Hope You Think of Me
29%
All Things Bright and Beautiful(2011) January 28, 1986
29%
Cinematic(2018) Madeline Island
29%
Non-Album(2010) Peppermint Winter
29%
Ocean Eyes(Bonus)(2009) Butterfly Wings
26%
Mobile Orchestra(2015) I Found Love
26%
Maybe I'm Dreaming(2008) I'll Meet You There
26%
Mobile Orchestra(2015) | Mobile Orchestra(Bonus)(2015) Can't Live Without You
24%
All Things Bright and Beautiful(Bonus)(2011) Shy Violet
24%
All Things Bright and Beautiful(Bonus)(2011) Lonely Lullaby
21%
Non-Album(2014) Kiss Me Babe, It's Christmas Time
19%
Non-Album(2022) Up to the Cloud
17%
The Midsummer Station(Bonus)(2012) Top of the World
12%
No matching quizzes found
Score Distribution
Percent of People with Each Score
Percentile by Number Answered
Your Score History
You have not taken this quiz since the last reset